La mujer en la Grecia clásica
Guardado en:
| Autor principal: | |
|---|---|
| Formato: | Libro |
| Lenguaje: | español |
| Publicado: |
Madrid
NEREA
1991
|
| Edición: | 2a. ed |
| Materias: | |
| Etiquetas: |
Agregar Etiqueta
Sin Etiquetas, Sea el primero en etiquetar este registro!
|
MARC
| LEADER | 00000nam a2200000 a 4500 | ||
|---|---|---|---|
| 001 | UCX6520 | ||
| 003 | CL-VaPUC | ||
| 008 | 930713e19910000SP |||||||||||||||||spa|d | ||
| 082 | 0 | 4 | |a 938 |b MOS |2 21 |
| 100 | |a Mossé, Claude |e autora |9 440493 | ||
| 245 | 1 | 3 | |a La mujer en la Grecia clásica |
| 250 | |a 2a. ed | ||
| 300 | |a 201 p | ||
| 942 | |c BK | ||
| 945 | |d 19930713 00:00:00 |a oaravena | ||
| 260 | |a Madrid |b NEREA |c 1991 | ||
| 650 | 0 | |a Mujeres condiciones sociales |9 307717 | |
| 651 | 0 | |a Grecia |9 265314 | |
| 583 | |a last modification |c 19930713 00:00:00 |k Rodrigo Vera | ||
| 999 | |c 226525 |d 226523 | ||
| 952 | |0 0 |1 0 |4 0 |6 938_000000000000000_MOS_1991 |7 0 |8 A |9 224959 |a BIBHIS |b BIBHIS |d 2019-11-15 |i 2936755 |l 3 |o 938 MOS 1991 |p 2936755 |r 2025-01-20 |s 2023-03-31 |w 2019-11-15 |y BK |k HIS | ||